[Event "TA Province-ch 08"]
[Site "Taranto"]
[Date "2007.12.15"]
[Round "1"]
[White "Caramia, Antonio"]
[Black "Pastore, Vito"]
[Result "1-0"]
[WhiteElo "1787"]
[BlackElo "1449"]
[PlyCount "61"]
[EventDate "2007.12.15"]
[EventType "swiss"]
[EventRounds "3"]
[EventCountry "ITA"]
[SourceTitle "EXT 2010"]
[Source "ChessBase"]
[SourceDate "2010.11.25"]
[SourceVersion "1"]
[SourceVersionDate "2010.11.25"]
[SourceQuality "1"]

1. Nf3 Nc6 2. d4 d5 3. c4 e6 4. e3 Bb4+ 5. Nc3 Nf6 6. a3 Ba5 7. b4 Nxb4 8. axb4 Bxb4 9. Bd2 Ne4 10. Nxe4 Bxd2+ 11. Nexd2 b6 12. Bd3 c5 13. 0-0 Qf6 14. cxd5 exd5 15. Bb5+ Bd7 16. Qa4 Bxb5 17. Qxb5+ Kd8 18. Ne5 Ke7 19. Qd7+ Kf8 20. Rxa7 Rxa7 21. Qxa7 Qe7 22. Qb8+ Qe8 23. Qxb6 cxd4 24. exd4 f6 25. Nef3 Kf7 26. Re1 Qd8 27. Qb7+ Kg6 28. Nh4+ Kh5 29. Ndf3 Re8 30. Qf7+ Kh6 31. Nf5# 1-0

[Event "Corrado Bitti Memorial 5th"]
[Site "Laconi"]
[Date "2005.08.11"]
[Round "9"]
[White "Secci, Gabriele"]
[Black "Caramia, Antonio"]
[Result "0-1"]
[WhiteElo "1721"]
[BlackElo "1814"]
[PlyCount "44"]
[EventDate "2005.08.06"]
[EventType "swiss"]
[EventRounds "9"]
[EventCountry "ITA"]
[SourceTitle "EXT 2007"]
[Source "ChessBase"]
[SourceDate "2006.11.23"]
[SourceVersion "1"]
[SourceVersionDate "2006.11.23"]
[SourceQuality "1"]

1. e4 c5 2. Nf3 d6 3. d4 cxd4 4. Nxd4 Nf6 5. Nc3 e6 6. Be2 a6 7. Be3 Qc7 8. 0-0 Nbd7 9. f4 b5 10. a3 Bb7 11. Bf3 Rc8 12. Qe1 Nc5 13. Bd2 Be7 14. Qg3 Ncxe4 15. Nxe4 Bxe4 16. Nxe6 fxe6 17. Bxe4 Nxe4 18. Qxg7 Qc5+ 19. Kh1 Kd7 20. Bb4 Qxc2 21. f5 exf5 22. Rxf5 Rhg8 0-1

[Event "Corrado Bitti Memorial 5th"]
[Site "Laconi"]
[Date "2005.08.07"]
[Round "3"]
[White "Caramia, Antonio"]
[Black "Altea, Giovanni"]
[Result "1-0"]
[WhiteElo "1814"]
[BlackElo "1685"]
[PlyCount "119"]
[EventDate "2005.08.06"]
[EventType "swiss"]
[EventRounds "9"]
[EventCountry "ITA"]
[SourceTitle "EXT 2007"]
[Source "ChessBase"]
[SourceDate "2006.11.23"]
[SourceVersion "1"]
[SourceVersionDate "2006.11.23"]
[SourceQuality "1"]

1. e4 c6 2. d4 d5 3. Nc3 dxe4 4. Nxe4 Bf5 5. Ng3 Bg6 6. Nf3 Nd7 7. Bc4 e6 8. Qe2 Be7 9. h4 h5 10. Ng5 Bxg5 11. Bxg5 Ngf6 12. 0-0-0 0-0 13. f3 b5 14. Bd3 Bxd3 15. Rxd3 Qc7 16. Ne4 Nd5 17. g4 Nf4 18. Bxf4 Qxf4+ 19. Kb1 f5 20. Ng5 Rae8 21. Nxe6 Qd6 22. gxf5 Rxf5 23. Re3 Rf6 24. Re1 Nf8 25. Nxf8 Rxe3 26. Qxe3 Qxf8 27. Rf1 Qf7 28. b3 Rf4 29. Qc3 Qd5 30. Qe3 Rxh4 31. Qe8+ Kh7 32. Rg1 Qd6 33. Qf7 Qf6 34. Qe8 Rh2 35. Qe4+ g6 36. Re1 h4 37. Qe8 Qxf3 38. Re7+ Kh6 39. Qh8+ Kg5 40. Qe5+ Kh6 41. Qxh2 Qd1+ 42. Kb2 Qxd4+ 43. c3 Qf6 44. Qd2+ Kh5 45. Rh7+ Kg4 46. Qg2+ Kf5 47. Qf2+ Ke6 48. Qxf6+ Kxf6 49. Rxh4 g5 50. Rh1 g4 51. Kc2 Kf5 52. Kd3 Kf4 53. Kd4 g3 54. Kc5 Ke3 55. Kxc6 Kd3 56. Rh3 Kxc3 57. Rxg3+ Kb4 58. Rg4+ Ka5 59. b4+ Ka6 60. Kc5 1-0

[Event "Corrado Bitti Memorial 5th"]
[Site "Laconi"]
[Date "2005.08.07"]
[Round "2"]
[White "Locci, Damiano"]
[Black "Caramia, Antonio"]
[Result "1-0"]
[WhiteElo "1901"]
[BlackElo "1814"]
[PlyCount "83"]
[EventDate "2005.08.06"]
[EventType "swiss"]
[EventRounds "9"]
[EventCountry "ITA"]
[SourceTitle "EXT 2007"]
[Source "ChessBase"]
[SourceDate "2006.11.23"]
[SourceVersion "1"]
[SourceVersionDate "2006.11.23"]
[SourceQuality "1"]

1. e4 c5 2. Nc3 Nc6 3. f4 d6 4. Nf3 a6 5. a4 Qc7 6. Bc4 e6 7. d3 Nf6 8. 0-0 Be7 9. h3 b6 10. Be3 Bb7 11. g4 h6 12. Qe1 Na5 13. Ba2 d5 14. exd5 Nxd5 15. Bxd5 exd5 16. Bd2 0-0-0 17. Ne5 Bd6 18. Qg3 g5 19. Rae1 f6 20. Nf3 gxf4 21. Qf2 h5 22. Nh2 hxg4 23. hxg4 Qh7 24. Bxf4 Qc7 25. Re6 Bxf4 26. Qxf4 Rde8 27. Qxc7+ Kxc7 28. Rfxf6 Rxe6 29. Rxe6 d4 30. Ne4 Nc6 31. g5 Nb4 32. Re7+ Kb8 33. g6 Bxe4 34. g7 Rg8 35. dxe4 Nxc2 36. Rf7 Rxg7+ 37. Rxg7 d3 38. Kf2 b5 39. axb5 axb5 40. Rg5 Nd4 41. Ke3 Ne6 42. Re5 1-0

[Event "Corrado Bitti Memorial 5th"]
[Site "Laconi"]
[Date "2005.08.06"]
[Round "1"]
[White "Caramia, Antonio"]
[Black "Dessy, Eugenio"]
[Result "1-0"]
[WhiteElo "1814"]
[BlackElo "1530"]
[PlyCount "61"]
[EventDate "2005.08.06"]
[EventType "swiss"]
[EventRounds "9"]
[EventCountry "ITA"]
[SourceTitle "EXT 2007"]
[Source "ChessBase"]
[SourceDate "2006.11.23"]
[SourceVersion "1"]
[SourceVersionDate "2006.11.23"]
[SourceQuality "1"]

1. e4 d5 2. exd5 Nf6 3. Nf3 Bg4 4. Be2 c6 5. dxc6 Nxc6 6. Nc3 e6 7. d3 Bc5 8. 0-0 0-0 9. Bg5 Be7 10. h3 Bh5 11. Qd2 Qa5 12. a3 Rad8 13. b4 Qb6 14. b5 Na5 15. Be3 Qc7 16. Na4 Rc8 17. Rfc1 Rfd8 18. Bxa7 Ne4 19. Qe1 Nxf2 20. Bxf2 Rd5 21. Bb6 Bc5+ 22. Bxc5 Rxc5 23. Nxc5 Qxc5+ 24. Qf2 Qe7 25. Rab1 g5 26. Nh2 Bxe2 27. Qxe2 Qc5+ 28. Qf2 Qxa3 29. Qf6 Rc5 30. Ng4 Nb3 31. Nh6+ 1-0